00000000nam##2200000za#4500
0019.590148
003CaOODSP
00520210624200004
007cr |||||||||||
008150406|2006||||xxc|||||o    f|0| 0 fre|d
040 |aCaOODSP|bfre
041 |aeng
041 |afre
043 |an-cn---
0861 |aFs97-4-2769-PDF
1101 |aCanada. |bMinistère des pêches et des océans.
24510|aDonnées d'échantillonnage en mer et mesures de gestion de la pêche au homard (Homarus americanus) dans le sud du golfe du Saint-Laurent – 1982-2000 / |h[ressource électronique]|cpar Manon Mallet … [et al.]
260 |aMoncton - Nouveau-Brunswick : |bPêches et Océans Canada |c2006.
300 |a111p.|bfigures, références, tableaux
4901 |aRapport manuscrit canadien des sciences halieutiques et aquatiques|vN° 2769
500 |aFichier reproduit à partir de l'original imprimé. Sur la p. de t. : Centre des Pêches du Golfe, Moncton (N.-B.). Le n° de catalogue et l'ISSN de l'édition imprimée apparaissent dans cette version électronique.
590 |a14-13-Supp|b2014-06-23
7201 |aMallet, Manon
791 |tAt-sea sampling data collection and fishery regulations for the southern Gulf of Saint Lawrence lobster (Homarus americanus) fishery – 1982-2000 / |eeng|w(CaOODSP)9.590147
830#0|aRapport manuscrit canadien des sciences halieutiques et aquatiques ;|vN° 2769|w(CaOODSP)9.500266
85640|ahttp://publications.gc.ca|qPDF|s7279 Ko|uhttps://publications.gc.ca/collections/collection_2014/mpo-dfo/Fs97-4-2769.pdf|yN° 2769